000 01011namaa22001931 4500
001 173958
003 ES-MaACL
005 20230906215412.0
008 100203s1894 sp r |||| | spa d
100 0 _aCoppée, François.
_940420
245 1 0 _aSevero Torelli /
_cdrama de François Coppée ; arreglado a la escena española en cuatro actos y escrito en verso castellano por Carlos Fernández Shaw.
260 _aMadrid :
_b[s.n.],
_c1894 (
_fTip. de los Hijos de M.G. Hernández)
300 _a79 p. ;
_c18 cm.
500 _aEn port.: Estrenado con gran éxito en el teatro Español la noche del 17 de febrero de 1894.
500 _aEn cubierta precede al tít.: Administración Lírico-Dramática.
700 1 _aFernández-Shaw, Carlos,
_d1865-1911
_950098
852 _aES-MaACL
_jF-8635(1)
_z.- Enc. pasta española
_z.- Enc. en un vol. facticio formando parte de la col. facticia "Teatro español moderno", vol. 90
_z.- Dedicatoria manuscrita de Carlos Fernández Shaw
999 _c173958
_d173958